Le bluff du futur

Gespeichert in:
Bibliographische Detailangaben
1. Verfasser: Elgozy, Georges
Format: Buch
Sprache:Undetermined
Veröffentlicht: Paris Calmann- Levy 1974
Schlagworte:
Tags: Tag hinzufügen
Keine Tags, Fügen Sie den ersten Tag hinzu!
Thư viện lưu trữ: Trung tâm Học liệu Trường Đại học Cần Thơ
LEADER 00475nam a2200181Ia 4500
001 CTU_86709
008 210402s9999 xx 000 0 und d
082 |a 909.82 
082 |b E41 
100 |a Elgozy, Georges 
245 0 |a Le bluff du futur 
245 0 |c Georges Elgozy 
260 |a Paris 
260 |b Calmann- Levy 
260 |c 1974 
650 |a Forecasting,Technology and civilization 
904 |i Năm 
980 |a Trung tâm Học liệu Trường Đại học Cần Thơ